UBT Library

Biochemistry / (Record no. 43228)

000 -LEADER
fixed length control field 00555cam a2200229 i 4500
001 - CONTROL NUMBER
control field 374584
005 - DATE AND TIME OF LATEST TRANSACTION
control field 20180223065844.0
008 - FIXED-LENGTH DATA ELEMENTS--GENERAL INFORMATION
fixed length control field 780421s1978 paua b 001 0 eng
010 ## - LIBRARY OF CONGRESS CONTROL NUMBER
LC control number 78008518
020 ## - INTERNATIONAL STANDARD BOOK NUMBER
International Standard Book Number 0397520867
040 ## - CATALOGING SOURCE
Original cataloging agency DLC
Transcribing agency DLC
Modifying agency DLC
041 ## - LANGUAGE CODE
Language code of text/sound track or separate title eng
060 ## - NATIONAL LIBRARY OF MEDICINE CALL NUMBER
Classification number QU4.3 B575b
080 ## - UNIVERSAL DECIMAL CLASSIFICATION NUMBER
Universal Decimal Classification number 574.192
082 00 - DEWEY DECIMAL CLASSIFICATION NUMBER
Classification number 574.192 BHA
100 1# - Rafti
Rafti 5
101 ## - Shkurtesa
Shkurtesa BIOK
245 10 - TITLE STATEMENT
Title Biochemistry /
Statement of responsibility, etc N. V. Bhagavan.
504 ## - BIBLIOGRAPHY, ETC. NOTE
Bibliography, etc Bibliography: p. 1287-1334.
906 ## - LOCAL DATA ELEMENT F, LDF (RLIN)
a 7
b cbc
c orignew
d 1
e ocip
f 19
g y-gencatlg
942 ## - ADDED ENTRY ELEMENTS (KOHA)
Source of classification or shelving scheme
Item type Books
Holdings
Withdrawn status Lost status Source of classification or shelving scheme Damaged status Not for loan Collection code Permanent location Current location Shelving location Date acquired Total Checkouts Full call number Barcode Date last seen Price effective from Koha item type
          Koleksioni i përgjithshem UBT - Lipjan UBT - Lipjan Koleksioni i përgjithshem 02/23/2018   574.192 BHA 002-2999712 02/23/2018 02/23/2018 Books
UBT Library © 2015-2024. All rights reserved University Education for Business and Technology